000 01339nam2a2200289 4500
001 RU\NLR\bibl\1061101
005 20250615040719.0
010 _a5-882326-244-4
_9300
035 _a(NLR Aleph) 001048373
090 _a862747
_c862747
100 _a20070319d2006 |||y0rusy50 ca
101 0 _arus
102 _aRU
105 _aa |||||||||
200 1 _a"Южно-Сахалинская наступательная операция: хроника событий и боевых действий, безвозвратные потери, историческая память"
210 _d2006
_aБ. м.
215 _a278, [1] с.
_cил., портр.
320 _aИмен. указ.: с. 254-262
461 0 _1001RU\NLR\bibl\550255
_12001#$aСахалинская областная книга памяти$vТ. 20
_91421413
_cЮжно-Сахалинск
_d2003
_fАдминистрация Сахалин. обл. Лаб. социал.-ист. исслед.
_nЛукоморье
_tСахалинская областная книга памяти
_vТ. 20
606 1 _aЮжно-Сахалинская операция
_z1945
_91350688
_3RU\NLR\auth\66249355
686 _aТ3(2)722.14
686 _aЦ35(2)722.5
801 0 _aRU
_bNLR
_c20070319
_gRCR
801 1 _aRU
_bNLR
_c20070319
942 _cBOOK
980 _aNB